000 00715nam a2200229 a 4500
001 000046581
003 DO-SdBNP
005 20220520105057.0
007 ta
008 150827s1989 dr a 000 0 spa d
040 _aDO-SdBNP
_bspa
_cBNPHU
082 4 _bS684L
_222
100 1 _aSolano, Alejandro
_956913
245 1 0 _aLengua española :
_b1 bachillerato /
_cAlejandro Solano, Eduardo Rodríguez ; ilustraciones Julio César Martínez
260 _aSanto Domingo :
_bSusaeta,
_c1989.
300 _a88 p. :
_bil. ;
_c27 cm.
504 _aBibliografía : p. 88
590 _aInventariado, 2018/LP
700 1 _aRodríguez, Eduardo
_974566
700 1 _aMartínez, Julio César,
_eil.
_91263
942 _2ddc
_cLBS1
999 _c46070
_d46070